A TEXTBOOK OF PHARMACEUTICAL INORGANIC CHEMISTRY: FOR THE STUDENTS OF B.PHARMA [ 1ST SEMESTER] (Record no. 8916)

MARC details
000 -LEADER
fixed length control field 00586nam a22001817a 4500
005 - DATE AND TIME OF LATEST TRANSACTION
control field 20251126175344.0
008 - FIXED-LENGTH DATA ELEMENTS--GENERAL INFORMATION
fixed length control field 251119b |||||||| |||| 00| 0 eng d
020 ## - INTERNATIONAL STANDARD BOOK NUMBER
ISBN 978-93-91208-92-9
041 ## - LANGUAGE CODE
Language code of text/sound track or separate title eng
082 ## - DEWEY DECIMAL CLASSIFICATION NUMBER
Classification number 615.2 PAT-T
100 ## - MAIN ENTRY--AUTHOR NAME
Personal name PATEL, DR. OJASH B. PATEL, DR. HARSHA U. PATEL, MS. MONA R.
245 ## - TITLE STATEMENT
Title A TEXTBOOK OF PHARMACEUTICAL INORGANIC CHEMISTRY: FOR THE STUDENTS OF B.PHARMA [ 1ST SEMESTER]
250 ## - EDITION STATEMENT
Edition statement 1ST ED, 2023
260 ## - PUBLICATION, DISTRIBUTION, ETC. (IMPRINT)
Place of publication NEW DELHI
Name of publisher INNOVATIVE PUBLICATION PVT. LTD .
Year of publication 2025
300 ## - PHYSICAL DESCRIPTION
Number of Pages 149;P
650 ## - SUBJECT ADDED ENTRY--TOPICAL TERM
Topical Term PHARMACY
General subdivision B.PHARMA
942 ## - ADDED ENTRY ELEMENTS (KOHA)
Koha item type Books
Holdings
Lost status Damaged status Collection code Home library Current library Date acquired Source of acquisition Cost, normal purchase price Full call number Accession Number Koha item type
    PHARMACY JRU Library JRU Library 14/11/2025 PURCHASE 425.00 615.2 29024 Books